000 00744cam a22002293a 4500
001 30877
003 PGUSA
005 20140828083652.0
008 100106s2010||||xxu|||||s|||||000 | eng d
040 _aPGUSA
_beng
042 _adc
050 4 _aND
100 1 _aParkhurst, Daniel Burleigh
245 1 4 _aThe Painter in Oil :
_bA complete treatise on the principles and technique necessary to the painting of pictures in oil colors
_h[electronic resource] /
_cDaniel Burleigh Parkhurst
260 _bProject Gutenberg,
_c2010
506 _aPublic domain in the USA.
516 _aElectronic text
653 _aPainting -- Technique
830 0 _aProject Gutenberg
_v30877
856 4 0 _uhttp://www.gutenberg.org/ebooks/30877
942 _cEB
999 _c260132
_d260132